000 00529nam a22001937a 4500
005 20251215124259.0
010 _aENG-147319
020 _a9789392080111
_c125.00
035 _aEN-130851
037 _bDBAD
082 _a342.54
_21
100 _aHarpreet Kaur
_986082
245 _aIndian Constitution/
_cHarpreet Kaur
250 _a1
260 _aNew Delhi
_bKitab Mahal
_c2022
270 _a4655/21, Ansari Road, Daryaganj
_bDelhi
_e110002
300 _a136p.
_c21cm(pb)
942 _2ddc
_cEN
_mHAR
_h342.54
999 _c213920
_d213920